000 00879nam a2200301Ia 4500
001 98014
003 IT-RoPAU
008 130308s9999 xx 000 0 und d
040 _aIT-RoPAU
040 _cIT-RoPAU
041 _aINGLESE
100 _aHarbison Peter
100 _gCodice Aut. SPICS: 33695
245 2 _aA possible Iconographical Source for the Carolingian High Crosses Ireland
245 _bRiforma Religiosa e Arti nell'epoca Carolingia
250 _a1a ed.
260 _aBOLOGNA
260 _bClueb
260 _c1983 [1° Ed.:1983 - Ed.Ling.Originale:1983]
300 _a"5 p. (prefazione: no ; testo: 5 [pagine: 53-57])"
500 _aSorgente iconografica per le Alte Croci Carolingie Irlandesi.
650 _aSTORIA DELLE ARTI VISIVE
650 _eCodice materia Spics: 5008
942 _cBK
957 _71
999 _c47079
_d47079
999 _bSI
999 _g1